Стильові тенденції української літератури ХХ століття (Запис № 580428)

МАРК-запис
000 -Лідер
fixed length control field 01953 a2200241 4500
003 - Ідентифікатор контрольного номера
control field UA-OsUOA
005 - Дата та час останнього входження (трансакції)
control field 20260420154405.0
008 - Елементи даних фіксованої довжини – загальна інформація
fixed length control field 260420b un ||||| |||| 00| 0 ukr d
020 ## - Міжнародний стандартний книжковий номер (ISBN)
Міжнародний стандартний книжковий номер (ISBN) (НП) 9668474244
040 ## - Джерело каталогізації
Мова каталогізації ukr
Агенція, яка здійснювала перезапис UA-OsUOA
080 ## - Індекс Універсальної десяткової класифікації
Індекс Універсальної десяткової класифікації (УДК) (НП) 82.09"19"(477)
090 ## - Локальний шифр розміщення
Класифікаційний індекс УДК 82.09"19"(477)
Авторський знак (НП) С80
110 ## - Наймення організації – загальна інформація
Найменування колективу або юрисдикції як початковий елемент введення Національна академія наук України
Структурний підрозділ Інститут літератури ім. Т. Г. Шевченка
9 (RLIN) 2397
245 ## - Відомості про назву
Назва (НП) Стильові тенденції української літератури ХХ століття
Решта назви (НП) збірник
Дані про відповідальність (НП) упоряд. Н. М. Шумило
260 ## - Публікація, розповсюдження і т.п. (Вихідні дані)
Місце публікації, розповсюдження і т.п. (П) К.
Ім’я/ наймення видавництва, розповсюджувача і т.п. (П) Фоліант
Дата публікації, розповсюдження і т.п. (П) 2004
300 ## - Фізичний опис
Обсяг 284 с.
520 ## - Резюме і т.п.
Резюме, реферат, анотація, тощо (НП) У збірнику висвітлюються стильові проблеми художньої творчостіXX ст. Автори розглядають особливості модернізму, поетичного авангарду, символічної драми в українській літературі, специфіку феномену неокла­сиків, а також індивідуальні стильові системи Павла Тичини, Володимира Винниченка, Гната Хоткевича, Івана Кочерги, Юрія Яновського, Емми Андієвської, Василя Симоненка, Миколи Зарудного. Збірник присвячується пам’яті українського критика й літературо­знавця Володимира Мельника (1941-1997).
650 ## - Додаткове предметне введення – тематичний термін
Тематичний термін чи географічна назва, як елемент введення (НП) 82.09 Літературна критика. Літературні дослідження
9 (RLIN) 1582
700 1# - Додаткове введення – ім'я особи
Ім’я особи (НП) Шумило Н. М.
Термін відношення упоряд.
9 (RLIN) 2396
942 ## - Додаткові елементи входу (Коха)
Тип елемента Koha Книги
Source of classification or shelving scheme Universal Decimal Classification
955 ## - Код типу видання за змістом
Код типу видання за змістом (НП) Наукові видання
Фонди
Стан вилучень Стан втрат Джерело класифікації або схеми стелажів Стан уражень Не для кредиту Код колекції Постійне місце розташування Поточне розміщення Дата придбання Джерело придбання Вартість, звичайна ціна покупки Усього замовленно Повний номер виклику Штрих-код Дата останнього перегляду Вартість, ціна заміни Ціна ефективна від Тип елемента Koha
    Universal Decimal Classification     Колекція Шевчука Валерія АБ - Абонемент НБ АБ - Абонемент НБ 20/04/2026 №17/31.03.2026 75.00   82.09"19"(477) С80 169816 20/04/2026 75.00 20/04/2026 Книги